DYE-SENSITIZED SOLAR CELLS: MATERIALS AND PROCESSES

Podrobná bibliografia
Hlavní autori: Cirák, Július, 1953- (Autor), Sokolský, Michal (Autor)
Médium: Článok
Jazyk:angličtina

MARC

LEADER 00000nab a2200000uu 4500
001 vtls011135673
003 SK-MaSNL
005 20260303151011.0
008 230222|2010 xo |||||||||||||||||eng|
015 |a SNBRB 
035 |a (urnnbn)urn:nbn:sk:snk:ar-007gcc 
035 |a (uuid)c2f236de-6f1b-46f2-a4b8-8c87d0e28457 
035 |a urn:nbn:sk:snk-abaoot 
040 |a SNKBUCL  |b slo  |c SNKBUCL  |e AACR2 
041 0 |a eng 
044 |a xo  |c SK 
100 1 |a Cirák, Július,  |d 1953-  |4 aut  |9 186624 
245 1 0 |a DYE-SENSITIZED SOLAR CELLS: MATERIALS AND PROCESSES  |c Július Cirák, Michal Sokolský 
700 1 |a Sokolský, Michal  |4 aut  |9 814620 
773 0 |t Acta electrotechnica et informatica  |g Roč. 10, č. 3 (2010), s. 78-81 
958 |a OND 
958 |a EUIPO 
958 |a article14 
999 |c 2015183  |d 2017113